000
00230nmm a2200085Ia 4500
008
220120s9999||||xx |||||||||||||||||und||
100
_a
Digit
245
0
_a
Demo- Battle field 2-3D mark 2005, IM giant Instant messenge
260
_c
2005
999
_c
138803
_d
138803